| 000 | 00531nam a2200193 a 4500 | ||
|---|---|---|---|
| 005 | 20240704063755.0 | ||
| 008 | 011018s1996 es r 000 0 spa d | ||
| 020 | _a8421629239 | ||
| 035 | _aUPN01000113222 | ||
| 049 | _aCG | ||
| 050 | 4 |
_aPN3171 _bC4.3 |
|
| 100 | 1 |
_aCervera Sanchís, Juan, _d1933- _937542 |
|
| 245 | 1 | 3 |
_aLa dramatización en la escuela / _cJuan Cervera. |
| 260 |
_aMadrid : _bBruño, _cc1996. |
||
| 300 | _a205 p. | ||
| 440 | 0 |
_aNueva escuela ; _v40 |
|
| 650 | 4 |
_aTeatro en la educación _95250 |
|
| 905 | _aLibro | ||
| 999 |
_c87130 _d87130 |
||